[Event "16th Olomouc Open"]
[Site "Olomouc CZE"]
[Date "2013.08.04"]
[Round "4.9"]
[White "Vrana,J"]
[Black "Balacek,T"]
[Result "1-0"]
[WhiteElo "2356"]
[BlackElo "2220"]

1.e4 e6 2.d4 d5 3.Nd2 Be7 4.Bd3 c5 5.dxc5 Nf6 6.Qe2 O-O 7.Ngf3 a5 8.a4 Na6
9.O-O Nxc5 10.e5 Nxd3 11.cxd3 Nd7 12.b3 Qb6 13.Bb2 Nc5 14.Ba3 Re8 15.Qe3 Qa7
16.d4 Na6 17.Bxe7 Rxe7 18.Rfc1 b6 19.Nf1 Nb4 20.Ng3 Ba6 21.Qg5 Bd3 22.Rc3 Bg6
23.h4 h6 24.Qc1 Qa6 25.h5 Bh7 26.Nh2 Nd3 27.Qd2 Rc8 28.Ng4 Rec7 29.Ne2 Kh8
30.Rd1 Nb4 31.Nxh6 Rxc3 32.Nxc3 gxh6 33.Qxh6 Rxc3 34.Qf8+ Bg8 35.h6  1-0

[Event "HZ Open 2013"]
[Site "Vlissingen NED"]
[Date "2013.08.04"]
[Round "2.33"]
[White "Bezemer,A"]
[Black "Bodicker,R"]
[Result "1-0"]
[WhiteElo "2292"]
[BlackElo "1985"]

1.e4 e6 2.d4 d5 3.Nd2 Be7 4.Ngf3 c5 5.exd5 Qxd5 6.Bc4 Qc6 7.O-O Nf6 8.Qe2 a6
9.dxc5 O-O 10.b4 b6 11.Ne5 Qc7 12.cxb6 Qxb6 13.a3 Nc6 14.Ndf3 Nxe5 15.Nxe5 Bb7
16.Bb2 Rac8 17.Bd3 a5 18.b5 Rfd8 19.a4 Qc7 20.Rad1 Bb4 21.c4 Qe7 22.Bc2 Rxd1
23.Rxd1 Rd8 24.Rxd8+ Qxd8 25.Qd3 Qc7 26.Ng4 Ne4 27.f3 Bc5+ 28.Kh1 f5 29.fxe4 fxg4
30.e5 g6 31.Bd4 Bb4 32.Bd1 Qf7 33.Bxg4 h5 34.Bf3 Bxf3 35.Qxf3 Qd7 36.Qa8+ Bf8
37.Qe4 Qf7 38.Kg1  1-0

[Event "HZ Open 2013"]
[Site "Vlissingen NED"]
[Date "2013.08.04"]
[Round "3.16"]
[White "Tan,Mat"]
[Black "Maatman,Nick"]
[Result "1/2-1/2"]
[WhiteElo "2444"]
[BlackElo "2207"]

1.e4 e6 2.d4 d5 3.Nd2 Be7 4.Ngf3 Nf6 5.e5 Nfd7 6.Bd3 c5 7.c3 Nc6 8.O-O a5
9.a4 g5 10.dxc5 g4 11.Nd4 Ndxe5 12.N2b3 Nxd3 13.Qxd3 e5 14.Nb5 Be6 15.Bh6 Qd7
16.Rad1 O-O-O 17.c4 d4 18.Rfe1 Rdg8 19.Qg3 Rg6 20.Be3 h5 21.Bxd4 h4 22.Qxe5 Nxe5
23.Bxe5 Rh5 24.Rxd7 Bxd7 25.Na7+ Kd8 26.Nxa5 Re6 27.Nxb7+ Ke8 28.Bc3 Rxe1+
29.Bxe1 Bxc5 30.Nb5 Bc6 31.Nxc5 Rxc5 32.Bc3 Kd7 33.b3 h3 34.gxh3 gxh3 35.f4 Rf5
36.Be5 Bxb5 37.axb5 f6 38.Bb8 Rh5 39.b6 Rh8 40.Bc7 Rg8+ 41.Kf1 Rg2 42.f5 Rb2
43.c5 Rxb3 44.Kf2 Kc6 45.Bd6 Kd5 46.Ke2 Ke4 47.Kf2 Rf3+  1/2-1/2

[Event "39th Badalona Open A"]
[Site "Badalona ESP"]
[Date "2013.08.05"]
[Round "4.8"]
[White "Munoz Pantoja,M"]
[Black "Chueca Forcen,A"]
[Result "1-0"]
[WhiteElo "2456"]
[BlackElo "2313"]

1.e4 e6 2.d4 d5 3.Nd2 Be7 4.Ngf3 Nf6 5.Bd3 c5 6.exd5 Qxd5 7.dxc5 Qxc5 8.O-O O-O
9.Qe2 Nbd7 10.Nb3 Qh5 11.Bf4 b6 12.Rae1 Bb7 13.Nfd4 Qxe2 14.Rxe2 Nd5 15.Bg3 Nc5
16.Nxc5 Bxc5 17.Nb3 Be7 18.c3 Rac8 19.Rd2 Rfd8 20.Rfd1 a5 21.Bb5 Kf8 22.a4 Nf6
23.f3 Rxd2 24.Rxd2 Bc6 25.Nd4 Bc5 26.Kf1 Bxb5+ 27.axb5 Nd5 28.Nc6 a4 29.Ke2 a3
30.c4 Be3 31.bxa3 Bxd2 32.Kxd2 Nf6 33.c5 Nd5 34.cxb6 Nxb6 35.Kc3 Ke8 36.Kb3 Ra8
37.Bf2 Nd5 38.a4 Kd7 39.a5 f6 40.Na7 Kc7 41.Kc4 Kb7 42.Nc6 Nc7 43.Bb6 Nd5
44.Bc5 Nc7 45.Bd6 Na6 46.Ne7 Nb8 47.Bxb8 Rxa5 48.Bd6 Ra2 49.Nc6 Rxg2 50.Bc5 Rc2+
51.Kb4 Rb2+ 52.Ka4 Ra2+ 53.Kb3 Rxh2 54.Na5+ Kc8 55.b6 Rd2 56.Kc4 h5 57.Kb5 Rd7
58.Kc6 g5 59.Bd6 g4 60.Bc7 Rxc7+ 61.bxc7  1-0

[Event "17th Godesberg Open"]
[Site "Bonn GER"]
[Date "2013.08.05"]
[Round "3.5"]
[White "Mittmann,J"]
[Black "Mueller,Marco"]
[Result "1-0"]
[WhiteElo "2054"]
[BlackElo "2205"]

1.e4 e6 2.d4 d5 3.Nd2 Be7 4.Ngf3 Nf6 5.e5 Nfd7 6.Bd3 c5 7.c3 b6 8.O-O Ba6
9.c4 Nc6 10.Re1 O-O 11.Bb1 Rc8 12.Qa4 Bb7 13.cxd5 exd5 14.Nf1 cxd4 15.Bd2 Nc5
16.Qd1 d3 17.Ng3 a5 18.a3 Re8 19.Nf5 a4 20.Bb4 Ba6 21.Nxe7+ Rxe7 22.Bxc5 bxc5
23.Bxd3 Bxd3 24.Qxd3 c4 25.Qc2 Qa5 26.Qf5 Rce8 27.Ng5 g6 28.Qf6 Nd4 29.Nxh7 Nc2
30.Qh4 Kg7 31.f4 Nxe1 32.Rxe1 Qa7+ 33.Kh1 Rh8 34.f5 Rxh7 35.f6+ Kg8 36.fxe7 Rxh4
37.e8=Q+ Kg7 38.e6 Rf4 39.e7 Qe3 40.Qf8+  1-0

[Event "100th ch-GBR 2013"]
[Site "Torquay ENG"]
[Date "2013.08.05"]
[Round "7.6"]
[White "Zhou,Y"]
[Black "Mackle,Dominic"]
[Result "1/2-1/2"]
[WhiteElo "2469"]
[BlackElo "2216"]

1.e4 e6 2.d4 d5 3.Nd2 Nc6 4.Ngf3 Nf6 5.e5 Nd7 6.c4 dxc4 7.Nxc4 Nb6 8.a3 h6
9.Bd3 Nxc4 10.Bxc4 Ne7 11.O-O Nd5 12.Bd2 Bd7 13.Rc1 Bc6 14.Qe2 a6 15.Rc2 Be7
16.Rfc1 Qd7 17.Bb3 Bb5 18.Qe4 Ba4 19.Bxa4 Qxa4 20.Rxc7 Nxc7 21.Rxc7 Qd1+
22.Be1 Rb8 23.Rxb7 Rxb7 24.Qxb7 Qa4 25.h3 a5 26.d5 exd5 27.Qxd5 O-O 28.Qxa5 Qe4
29.Qa7 Bg5 30.Qd4 Qb1 31.Kh2 Rd8 32.Qb4 Qf5 33.Qg4 Bf4+ 34.g3 Qxg4 35.hxg4 Bc1
36.Bc3 Rb8 37.Nd4 Bxb2 38.Nc6 Rb3 39.Bd2 Bxa3 40.Be3 Rb5 41.f4 Kf8 42.Kg2 Bc5
43.Bxc5+ Rxc5 44.Nd4 g6 45.Kf3 Rc3+ 46.Kf2 Rd3 47.Nf3 Ke7 48.Nh4 Ra3 49.Ng2 Kd7
50.Ne3 Kc6 51.Nc4 Ra2+ 52.Kf3 Kd5 53.Nd6 Ra3+ 54.Kf2 Ra7 55.Ne8 g5 56.Nf6+ Kd4
57.Kf3 Ra3+ 58.Kf2 Rc3 59.Ng8 Rc2+ 60.Kf3 Rc3+ 61.Kf2 Rc6 62.Kf3 Ra6 63.Nf6 Ra3+
64.Kf2 Rb3 65.Nd7 Rb7 66.Nf6 Ra7 67.Kf3 Ra2 68.Ng8 Ra3+ 69.Kg2 gxf4 70.gxf4 Ke4
71.Nxh6 Kxf4 72.Nxf7 Kxg4 73.Nd6 Ra2+ 74.Kf1 Kf3 75.Ke1 Re2+ 76.Kd1 Rxe5
77.Nc4 Rc5 78.Nd2+ Ke3 79.Nf1+ Kd3 80.Ke1 Rf5 81.Ng3 Rf8 82.Nf1 Rf3 83.Nh2 Rh3
84.Nf1  1/2-1/2

[Event "HZ Open 2013"]
[Site "Vlissingen NED"]
[Date "2013.08.05"]
[Round "4.18"]
[White "Bezemer,A"]
[Black "Ratsma,Midas"]
[Result "1-0"]
[WhiteElo "2292"]
[BlackElo "2057"]

1.e4 e6 2.d4 d5 3.Nd2 Be7 4.Ngf3 Nf6 5.e5 Nfd7 6.Bd3 c5 7.c3 Nc6 8.O-O g5
9.dxc5 Nxc5 10.Bb5 Qb6 11.Qe2 a6 12.Bxc6+ bxc6 13.Nb3 a5 14.Nxg5 Ba6 15.Qf3 Bxg5
16.Bxg5 Ne4 17.Be3 c5 18.Rfd1 O-O-O 19.Qxf7 Rd7 20.Qf4 Rg8 21.f3 Ng5 22.Kh1 Nf7
23.Nxc5 Rc7 24.b4 Bc4 25.Nd7 Qa6 26.Qxf7  1-0

[Event "100th ch-GBR 2013"]
[Site "Torquay ENG"]
[Date "2013.08.06"]
[Round "8.26"]
[White "Mercs,P"]
[Black "Brown,Mart"]
[Result "0-1"]
[WhiteElo "2109"]
[BlackElo "2203"]

1.e4 e6 2.d4 d5 3.Nd2 Nc6 4.Ngf3 Nf6 5.e5 Nd7 6.Bd3 f6 7.O-O fxe5 8.dxe5 Ndxe5
9.Bb5 Bd7 10.Qe2 Qf6 11.Re1 Bd6 12.c4 Nxf3+ 13.Nxf3 O-O 14.Bg5 Qg6 15.Bh4 Rae8
16.Bg3 dxc4 17.Bxc4 Kh8 18.Qe4 Qf6 19.Bd3 Qh6 20.Ng5 g6 21.h4 e5 22.Bc4 Qg7
23.Qe3 Nd4 24.Rac1 Bc6 25.Bd3 Nf5 26.Qe2 Qe7 27.Be4 Nd4 28.Qd3 Bb5 29.Qd1 c5
30.a4 Ba6 31.Bd5 b6 32.f4 Qg7 33.fxe5 Bb8 34.b4 Rd8 35.e6 Bxg3 36.e7 Bxe1
37.exd8=Q Rxd8 38.Nf7+ Qxf7 39.Bxf7 Ne2+ 40.Kh2 Rxd1 41.Rxd1 Bxb4 42.Rd7 Nd4
43.Rxa7 Bd3 44.g4 h6 45.Bd5 c4  0-1

[Event "HZ Open 2013"]
[Site "Vlissingen NED"]
[Date "2013.08.06"]
[Round "5.15"]
[White "Von Meijenfeldt,Bart"]
[Black "Kuipers,S"]
[Result "0-1"]
[WhiteElo "2202"]
[BlackElo "2437"]

1.e4 e6 2.d4 d5 3.Nd2 Be7 4.Ngf3 Nf6 5.e5 Nfd7 6.Bd3 c5 7.c3 Nc6 8.O-O a5
9.Re1 cxd4 10.cxd4 Qb6 11.Qa4 g5 12.h3 Rg8 13.Bxh7 Rg7 14.Bd3 g4 15.hxg4 Rxg4
16.Nb3 Qc7 17.Be3 Nb6 18.Qb5 a4 19.Rec1 axb3 20.a4 Bd7 21.a5 Nc4 22.Bxc4 dxc4
23.Qxc4 Rxa5 24.Rxa5 Qxa5 25.Qxb3 Nb4 26.Bd2 Bc6 27.Qe3 Bg5 28.Nxg5 Rxg2+
29.Kh1 Rxg5+ 30.f3 Rh5+ 31.Kg1 Nd5 32.Bxa5 Nxe3 33.b4 Nd5  0-1

[Event "HZ Open 2013"]
[Site "Vlissingen NED"]
[Date "2013.08.07"]
[Round "6.11"]
[White "Bijlsma,N"]
[Black "Tan,Mat"]
[Result "0-1"]
[WhiteElo "2166"]
[BlackElo "2444"]

1.e4 e6 2.d4 d5 3.Nd2 Nc6 4.Ngf3 Nf6 5.e5 Nd7 6.Be2 Be7 7.O-O f6 8.exf6 Bxf6
9.c3 O-O 10.Re1 Re8 11.Nf1 e5 12.Qb3 Nb6 13.dxe5 Nxe5 14.Bf4 Nxf3+ 15.Bxf3 Be6
16.Ng3 g6 17.h3 Qd7 18.Qc2 Bf7 19.Nf1 Nc4 20.Nh2 Ne5 21.Be2 Rad8 22.Rad1 c5
23.h4 d4 24.cxd4 cxd4 25.Bd3 Rc8 26.Qb1 Nxd3 27.Qxd3 Qf5 28.Qg3 h5 29.Nf3 Rxe1+
30.Rxe1 d3 31.Ne5 Re8 32.Nxd3 Rxe1+ 33.Nxe1 Qb1 34.Qe3 Qxb2 35.Qxa7 Qa1 36.Bd2 Qxa2
37.Qxa2 Bxa2 38.g3 Kf7 39.Nd3 Bc4 40.Nb4 Ke6 41.Kg2 Be2 42.Na2 b5 43.f3 Bd4
44.Nc3 Bd3 45.Nd1 Be2 46.Nf2 Bf6 47.Nh3 Bd1 48.Nf4+ Kf7 49.Nd5 Bd4 50.Nc3 Ba4
51.g4 Ke6 52.Kg3 Be5+ 53.f4 Bf6 54.Ne4 Be7 55.Ng5+ Kd5 56.f5 gxf5 57.gxh5 Bc2
58.Bc3 b4 59.Bg7 Bd6+ 60.Kf2 b3 61.h6 f4 62.Bb2 Be5  0-1

[Event "16th Olomouc Open"]
[Site "Olomouc CZE"]
[Date "2013.08.08"]
[Round "9.3"]
[White "Vrana,J"]
[Black "Kanovsky,D"]
[Result "1/2-1/2"]
[WhiteElo "2356"]
[BlackElo "2391"]

1.e4 e6 2.d4 d5 3.Nd2 Be7 4.Bd3 c5 5.dxc5 Nf6 6.Qe2 Nc6 7.Ngf3 Nb4 8.O-O Nxd3
9.cxd3 Bxc5 10.Nb3 Be7 11.e5 Nd7 12.Nfd4 O-O 13.f4 Nc5 14.Be3 Nxb3 15.Nxb3 Bd7
16.Rf3 b6 17.Rh3 g6 18.Bd4 f5 19.exf6 Bxf6 20.Rf3 Rc8 21.Re1 Kg7 22.Be5 Bxe5
23.Qxe5+ Qf6 24.Nd4 Qxe5 25.Rxe5 Rc1+ 26.Kf2 Rf6 27.g3 Kf8 28.Rfe3 Kf7 29.Re1 Rxe1
30.Kxe1 Ke7 31.Kd2 Kd6 32.h4 h6 33.Ke3 Rf8 34.Nf3 Ba4 35.b3 Bd7 36.g4 Be8
37.Nd4 Bd7 38.Nf3 Be8 39.Nd4 Bd7 40.Nf3  1/2-1/2

[Event "2nd Washington Int"]
[Site "Rockville USA"]
[Date "2013.08.08"]
[Round "6.12"]
[White "Homa,S"]
[Black "Harmon,L"]
[Result "1-0"]
[WhiteElo "2311"]
[BlackElo "2399"]

1.e4 e6 2.d4 d5 3.Nd2 Nc6 4.Ngf3 Nf6 5.e5 Nd7 6.c3 f6 7.Bb5 fxe5 8.dxe5 Be7
9.Nd4 Nxd4 10.cxd4 O-O 11.Bd3 Qe8 12.Qg4 Qf7 13.O-O c5 14.Nf3 cxd4 15.Bg5 Nc5
16.Bxh7+ Kxh7 17.Qh4+ Kg8 18.Bxe7 Ne4 19.Bxf8 Qxf8 20.Nxd4 Bd7 21.Rac1 Qb4
22.Nf3 Qb6 23.Qe7 Rd8 24.b4 Kh7 25.a4 a5 26.b5 Kg8 27.Rc2 Kh8 28.g3 Kg8 29.Kg2 Kh8
30.h4  1-0

[Event "100th ch-GBR 2013"]
[Site "Torquay ENG"]
[Date "2013.08.08"]
[Round "10.26"]
[White "Lenier,J"]
[Black "Brown,Mart"]
[Result "1-0"]
[WhiteElo "2119"]
[BlackElo "2203"]

1.e4 e6 2.d4 d5 3.Nd2 Nc6 4.Ngf3 Nf6 5.e5 Nd7 6.c3 f6 7.Bb5 a6 8.Bxc6 bxc6
9.O-O Be7 10.exf6 gxf6 11.Nh4 O-O 12.Qg4+ Kh8 13.Qh3 Rg8 14.f4 Nf8 15.Ndf3 Qe8
16.f5 Qh5 17.Bf4 Bd6 18.Ne1 e5 19.dxe5 fxe5 20.Bg3 a5 21.Nd3 Qg4 22.Qxg4 Rxg4
23.Nxe5 Rxg3 24.Nf7+ Kg8 25.Nxd6 Rg4 26.Nxc8 Rxc8 27.Nf3 Rb8 28.b3 a4 29.Ne5 Re4
30.Nxc6 Rb6 31.Nb4 d4 32.Nd5 Rd6 33.Nxc7 dxc3 34.Nb5 Rc6 35.Rac1 c2 36.Na3 axb3
37.axb3 Re3 38.Rxc2 Rxc2 39.Nxc2 Rxb3 40.Nd4 Rd3 41.Nf3 Nd7 42.g4 Nf6 43.g5 Ne4
44.Kg2 Ra3 45.Rb1 Ra5 46.Re1 Nd6 47.f6 Kf8 48.Re7 Nf7 49.h4 Ra2+ 50.Kg3 Ra3
51.Kf4 Ra4+ 52.Kf5 Rb4 53.h5 Rb3 54.Nd4 Rb8 55.g6 hxg6+ 56.hxg6 Nd6+ 57.Ke5 Rb6
58.Ne6+ Kg8 59.f7+ Nxf7+ 60.gxf7+  1-0

[Event "100th ch-GBR 2013"]
[Site "Torquay ENG"]
[Date "2013.08.08"]
[Round "10.25"]
[White "Mason,D"]
[Black "Batchelor,Peter J"]
[Result "1/2-1/2"]
[WhiteElo "2204"]
[BlackElo "2118"]

1.e4 e6 2.d4 d5 3.Nd2 Be7 4.Ngf3 Nf6 5.e5 Nfd7 6.c3 c5 7.Bd3 Nc6 8.O-O g5
9.dxc5 g4 10.Nd4 Ndxe5 11.N2b3 a5 12.a4 Nxd3 13.Qxd3 e5 14.Nxc6 bxc6 15.Qe3 Qc7
16.Re1 f6 17.Qh6 Bf5 18.Qh5+ Bg6 19.Qxg4 Rb8 20.Ra3 Rg8 21.Qe2 Be4 22.g3 Qd7
23.f3 Bg6 24.Be3 Bh5 25.Qf2 f5 26.f4 e4 27.Nxa5 Rg6 28.b4 Bh4 29.Qd2 Qg7
30.Bf2 Bxg3 31.Bxg3 Rxg3+ 32.hxg3 Qxg3+ 33.Kf1 Qf3+  1/2-1/2

[Event "HZ Open 2013"]
[Site "Vlissingen NED"]
[Date "2013.08.08"]
[Round "7.8"]
[White "Meissner,F"]
[Black "Reinderman,D"]
[Result "0-1"]
[WhiteElo "2295"]
[BlackElo "2598"]

1.e4 e6 2.d4 d5 3.Nd2 a6 4.exd5 exd5 5.Bd3 Nf6 6.Ngf3 Bd6 7.O-O O-O 8.Re1 Bg4
9.Nf1 c5 10.dxc5 Bxc5 11.Be3 d4 12.Bg5 h6 13.Bh4 g5 14.Bg3 Nc6 15.a3 Nd5
16.h3 Bh5 17.Bf5 Nde7 18.Bd3 f5 19.b4 Ba7 20.Bc4+ Bf7 21.Bxf7+ Rxf7 22.Ne5 Rf6
23.Qf3 f4 24.Qb3+ Kg7 25.Bh2 Rc8 26.Nd3 Qd5 27.Nd2 Rf7 28.Re4 Qxb3 29.Nxb3 Nd5
30.Rae1 Nc3 31.Re8 Rxe8 32.Rxe8 Nb5 33.a4 Nc3 34.a5 Nd5 35.Re4 Ndxb4 36.Nxb4 Nxb4
37.Nxd4 Rd7 38.c3 Bxd4 39.cxd4 Nc6 40.g3 fxg3 41.Bxg3 Nxa5 42.h4 Nc6 43.hxg5 hxg5
44.Rg4 Kf6 45.f4 Nxd4 46.fxg5+ Kf5 47.Rf4+ Kxg5 48.Re4 Kf5 49.Re5+ Kg4 50.Kg2 Nc6
51.Re4+ Kf5 52.Re2 Re7 53.Rxe7 Nxe7 54.Kf3 Nd5 55.Ke2 Ke4 56.Bf2 b5 57.Kd2 Ne7
58.Kc3 Nc6 59.Bc5 Kd5 60.Bf8 a5 61.Kb3 Kd4 62.Bd6 Kd3 63.Bc7 Nd4+ 64.Ka3 b4+
65.Kb2 a4 66.Be5 Kc4 67.Bd6 Nb5 68.Bf8 a3+ 69.Ka1 b3 70.Bg7 Nc3 71.Bh8 b2+  0-1

[Event "100th ch-GBR 2013"]
[Site "Torquay ENG"]
[Date "2013.08.09"]
[Round "11.32"]
[White "Howell,Ch"]
[Black "Brown,Mart"]
[Result "0-1"]
[WhiteElo "2055"]
[BlackElo "2203"]

1.e4 e6 2.d4 d5 3.Nd2 Be7 4.c3 c5 5.dxc5 Bxc5 6.Bb5+ Nc6 7.Nb3 Bb6 8.Nf3 dxe4
9.Qxd8+ Bxd8 10.Bxc6+ bxc6 11.Ne5 Ne7 12.Be3 Bc7 13.Nc4 Ba6 14.Ncd2 f5 15.Nc5 Bc8
16.Nc4 e5 17.O-O-O Nd5 18.Rhe1 O-O 19.g3 f4 20.gxf4 exf4 21.Bd4 e3 22.Rg1 g6
23.fxe3 f3 24.Rd2 Bh3 25.Nd3 Rae8 26.Bc5 Rf7 27.Bd6 Nxe3 28.Nce5 Bxd6 29.Nxf7 Kxf7
30.Nf2 Bxh2 31.Nxh3 Bxg1 32.Nxg1 Nc4 33.Rd1 f2 34.Nh3 Ne3  0-1

[Event "22nd ZMDI Open 2013"]
[Site "Dresden GER"]
[Date "2013.08.10"]
[Round "1.12"]
[White "Das,Arg"]
[Black "Rudolf,Ma"]
[Result "1-0"]
[WhiteElo "2469"]
[BlackElo "2108"]

1.e4 e6 2.d4 d5 3.Nd2 Nc6 4.Ngf3 Nf6 5.e5 Nd7 6.Bd3 Nb4 7.Be2 c5 8.c3 Nc6
9.O-O cxd4 10.cxd4 f6 11.exf6 Nxf6 12.Nb3 Bd6 13.Bg5 O-O 14.Bh4 Qb6 15.Bg3 Bxg3
16.hxg3 Bd7 17.a4 Qb4 18.Nc5 Rfe8 19.Re1 Rad8 20.Bb5 Ne4 21.Nd3 Qd6 22.Rc1 Nb8
23.Nc5 Nxc5 24.dxc5 Qe7 25.b4 Rc8 26.Nd4 Qf6 27.Qd2 a6 28.Bxd7 Nxd7 29.Nb3 Ne5
30.Na5 Rc7 31.b5 axb5 32.axb5 Rec8 33.c6 Nc4 34.Nxc4 dxc4 35.Rxc4 bxc6 36.Rec1 c5
37.Qd6 Qf5 38.b6 Rf7 39.f3 Qd5 40.Qxd5 exd5 41.Rxc5 Rb8 42.Rc8+ Rf8 43.Rxb8 Rxb8
44.Rb1 Kf7 45.Kf2 Ke6 46.b7 d4 47.Ke2 Kd5 48.Kd3 Kc5 49.g4 Kd5 50.Rb4 Kc5
51.Rc4+  1-0

[Event "10th Malaysian Open"]
[Site "Kuala Lumpur MAS"]
[Date "2013.08.10"]
[Round "2.29"]
[White "Dela Cruz,N"]
[Black "Romanov,Al"]
[Result "1-0"]
[WhiteElo "2343"]
[BlackElo "2388"]

1.e4 e6 2.d4 d5 3.Nd2 Be7 4.c3 c5 5.dxc5 Nf6 6.Bd3 dxe4 7.Nxe4 Nxe4 8.Bxe4 Qxd1+
9.Kxd1 Bxc5 10.Ke2 Nc6 11.Nf3 f5 12.Bxc6+ bxc6 13.c4 Be7 14.Bf4 c5 15.h4 Bb7
16.Ne5 O-O 17.f3 Rfd8 18.Rad1 Bf6 19.h5 a6 20.Rxd8+ Rxd8 21.Rd1 Rxd1 22.Kxd1 g5
23.hxg6 hxg6 24.Nd3 g5 25.Bd6 g4 26.Ke2 gxf3+ 27.gxf3 Bc8 28.b3 Kf7 29.f4 Bc3
30.Bxc5 Bb7 31.Bd6 Be4 32.Nc5 Bb1 33.Nxa6 Bxa2 34.Kd3 Bf6 35.Kc2  1-0

[Event "2nd Washington Int"]
[Site "Rockville USA"]
[Date "2013.08.10"]
[Round "8.13"]
[White "Homa,S"]
[Black "Legky,N"]
[Result "1-0"]
[WhiteElo "2311"]
[BlackElo "2369"]

1.e4 e6 2.d4 d5 3.Nd2 a6 4.Bd3 c5 5.dxc5 Bxc5 6.Ngf3 Nc6 7.O-O Nb4 8.Be2 Nf6
9.a3 Nc6 10.Bd3 O-O 11.b4 Be7 12.e5 Nd7 13.Bb2 b5 14.Nb3 f6 15.exf6 Bxf6
16.Bxf6 Qxf6 17.Nfd4 Nxd4 18.Nxd4 e5 19.Nb3 Nb6 20.Nc5 Be6 21.a4 e4 22.Be2 bxa4
23.Bxa6 Bf7 24.b5 Rad8 25.Bb7 Be8 26.Qb1 Bh5 27.Qe1 Qe7 28.Qb4 Qg5 29.Ne6 Qf5
30.Nxf8 Nc4 31.Rxa4 Bf3 32.Bxd5+ Kh8 33.gxf3 Qg5+ 34.Kh1 Nd2 35.Ne6 Qf6 36.f4 Rg8
37.Rfa1  1-0

[Event "22nd ZMDI Open 2013"]
[Site "Dresden GER"]
[Date "2013.08.11"]
[Round "2.26"]
[White "Rjabzev,K"]
[Black "Steinert,Frank"]
[Result "1-0"]
[WhiteElo "2287"]
[BlackElo "1931"]

1.e4 e6 2.d4 d5 3.Nd2 a6 4.c3 c5 5.exd5 Qxd5 6.dxc5 Nf6 7.b4 Be7 8.Ngf3 O-O
9.Bc4 Qh5 10.O-O Nd5 11.Ne4 Rd8 12.Qc2 Bd7 13.Ng3 Qg4 14.Ne5 Qh4 15.Nf5 Qf6
16.Bxd5 exd5 17.Nxe7+ Qxe7 18.Re1 f6 19.Nd3 Qf7 20.Nf4 g5 21.Ne2 Re8 22.Be3 Nc6
23.Rad1 Ne5 24.Bd4 Ng6 25.f3 Re7 26.Ng3 Nh4 27.Rxe7 Qxe7 28.Nh5 Rf8 29.Qd2 Ng6
30.Re1 Qd8 31.h4 Nf4 32.Nxf4 gxf4 33.Qxf4 Kg7 34.Qd6 Bf5 35.Re7+ Kg8 36.Qg3+ Bg6
37.Rxb7 Qc8 38.Qc7 Qxc7 39.Rxc7 Bd3 40.Rd7 Bc4 41.Rd6 f5 42.c6 Rc8 43.Bb6  1-0

[Event "2nd Washington Int"]
[Site "Rockville USA"]
[Date "2013.08.11"]
[Round "9.16"]
[White "Barron,M"]
[Black "Thavandiran,S"]
[Result "0-1"]
[WhiteElo "2177"]
[BlackElo "2357"]

1.e4 e6 2.d4 d5 3.Nd2 Be7 4.Ngf3 Nf6 5.e5 Nfd7 6.c4 c5 7.cxd5 exd5 8.dxc5 Nc6
9.Bb5 O-O 10.O-O Nxc5 11.Re1 Bg4 12.h3 Bh5 13.a3 Qb6 14.Bf1 Rfd8 15.b4 Ne4
16.Re3 Bh4 17.g3 Bxg3 18.Nxe4 dxe4 19.Qe1 Bxe5 20.Nxe5 Nxe5 21.Qc3 Nf3+ 22.Rxf3 Bxf3
23.Be3 Qg6+ 24.Kh2 Qd6+ 25.Kg1 Rac8 26.Qb2 Qb8 27.Bg2 Rc6 28.Bxf3 exf3 29.Kh1 Qc8
30.Kh2 Rg6  0-1

[Event "XXIV Jozefa Kochana Mem"]
[Site "Koszalin POL"]
[Date "2013.08.12"]
[Round "4.20"]
[White "Smal,Tobiasz"]
[Black "Los,Kazimierz"]
[Result "1-0"]
[WhiteElo "1928"]
[BlackElo "1388"]

1.e4 e6 2.d4 d5 3.Nd2 Be7 4.c3 c5 5.Ngf3 Nc6 6.exd5 exd5 7.dxc5 Bxc5 8.Nb3 Be7
9.Bd3 Nf6 10.O-O O-O 11.Re1 Re8 12.h3 Be6 13.Nbd4 Nxd4 14.Nxd4 Bc5 15.Be3 b6
16.Bc2 h5 17.Qd3 g6 18.Bg5 Be7 19.Nxe6 Qd6 20.Bf4 Qc6 21.Nc7 Rac8 22.Nxe8 Rxe8
23.Re2 Qb7 24.Rae1 Ne4 25.Rxe4 dxe4 26.Qxe4 Qc8 27.Ba4  1-0

[Event "10th Malaysian Open"]
[Site "Kuala Lumpur MAS"]
[Date "2013.08.12"]
[Round "4.21"]
[White "Yogesh,Ga"]
[Black "Praveen Kumar,C1"]
[Result "0-1"]
[WhiteElo "2051"]
[BlackElo "2306"]

1.e4 e6 2.d4 d5 3.Nd2 Be7 4.Bd3 c5 5.dxc5 Nf6 6.exd5 exd5 7.Nb3 O-O 8.Be3 a5
9.a4 Na6 10.Ne2 Bd7 11.Nc3 Qc8 12.Bd4 Bg4 13.Qd2 Nxc5 14.Nxc5 Bxc5 15.Bxc5 Qxc5
16.O-O Qb4 17.Qg5 h6 18.Qh4 d4 19.Nd5 Nxd5 20.Qxg4 Nf6 21.Qf5 b6 22.Qb5 Qd6
23.Rad1 Rac8 24.Bf5 Rc5 25.Qd3 Qc6 26.b3 g6 27.Bh3 Rd8 28.c4 Ne4 29.g3 Nc3
30.Bg2 Qf6 31.Rd2 Re5 32.h3 Qe7 33.Kh2 Kh7 34.Bf3 f5 35.Kg2 Ne4 36.Rdd1 Nc5
37.Qc2 Qd6 38.Bd5 d3 39.Qc3 Rde8 40.Rfe1 Qf6 41.Rxe5 Qxe5 42.Rxd3 Nxd3 43.Qxd3 Re7
44.Qd2 Qf6 45.Qf4 Qe5 46.Qd2 g5 47.b4 axb4 48.Qxb4 h5 49.Qxb6 h4 50.Qb3 Rg7
51.Qf3 g4 52.Qf4 Qxf4 53.gxf4 g3 54.fxg3 Rxg3+ 55.Kh2 Rc3 56.Kg2 Kg6 57.Kh2 Kf6
58.Kg2 Ke7 59.Kh2 Kf6 60.Kg2 Ke7 61.Kh2 Kd6 62.Kg2 Ra3 63.Kh2 Ra2+ 64.Kg1 Rxa4
65.Kg2 Ra3 66.Kh2  0-1

[Event "88th ch-FRA 2013"]
[Site "Nancy FRA"]
[Date "2013.08.12"]
[Round "2.5"]
[White "Sebag,M"]
[Black "Bauer,Ch"]
[Result "0-1"]
[WhiteElo "2527"]
[BlackElo "2633"]

1.e4 e6 2.d4 d5 3.Nd2 Nc6 4.Ngf3 Nf6 5.e5 Nd7 6.Nb3 Be7 7.Bb5 a5 8.a4 Na7
9.Be2 b6 10.O-O Bb7 11.Ne1 c5 12.c3 O-O 13.f4 f5 14.Be3 c4 15.Nd2 b5 16.b3 Nb6
17.bxc4 dxc4 18.Ndf3 b4 19.cxb4 axb4 20.d5 Nxd5 21.Bxa7 Rxa7 22.Bxc4 Qb6+
23.Kh1 Ne3 24.Qd3 Nxc4  0-1

[Event "14th Miquel Mas Open"]
[Site "Figueres ESP"]
[Date "2013.08.13"]
[Round "3.2"]
[White "Cuadras Avellana,Jo"]
[Black "Forcen Esteban,D"]
[Result "0-1"]
[WhiteElo "2321"]
[BlackElo "2503"]

1.e4 e6 2.d4 d5 3.Nd2 Be7 4.Ngf3 Nf6 5.e5 Nfd7 6.c3 c5 7.Bd3 Nc6 8.O-O Qb6
9.dxc5 Qc7 10.Re1 Ndxe5 11.Nxe5 Nxe5 12.Bb5+ Bd7 13.Bxd7+ Nxd7 14.b4 b6 15.cxb6 axb6
16.Qb3 Ne5 17.Nf1 O-O 18.a4 Rfc8 19.Be3 Nd7 20.Rec1 Bf6 21.Ra3 Ne5 22.Qd1 Nc4
23.Ra2 Nxe3 24.Nxe3 d4 25.Ng4 Bg5 26.Rcc2 dxc3 27.Qf3 Qd6 28.g3 Qxb4 29.h4 Rxa4
30.Rxa4 Qxa4 31.Qe2 Be7 32.Ne5 b5  0-1

[Event "XXIV Jozefa Kochana Mem"]
[Site "Koszalin POL"]
[Date "2013.08.14"]
[Round "6.23"]
[White "Dabrowski,Damian"]
[Black "Los,Kazimierz"]
[Result "1-0"]
[WhiteElo "1593"]
[BlackElo "1388"]

1.e4 e6 2.d4 d5 3.Nd2 Be7 4.Bd3 dxe4 5.Nxe4 Nc6 6.c3 Nf6 7.f4 Qd5 8.Qf3 a6
9.Ne2 b5 10.Nxf6+ Bxf6 11.Be4 Qd6 12.Bxc6+ Bd7 13.Bxa8 O-O 14.Be4 Rb8 15.O-O b4
16.Rb1 a5 17.Be3 Bb5 18.Rfe1 Bc4 19.b3 Ba6 20.cxb4 axb4 21.Rbc1 Bh4 22.g3 Be7
23.Rc6  1-0

[Event "28th Metropolitan GM"]
[Site "Los Angeles USA"]
[Date "2013.08.14"]
[Round "2"]
[White "Banawa,Joe"]
[Black "Yang,Dar"]
[Result "0-1"]
[WhiteElo "2348"]
[BlackElo "2480"]

1.e4 e6 2.d4 d5 3.Nd2 Be7 4.c3 c5 5.dxc5 Nf6 6.exd5 Qxd5 7.Ngf3 Bxc5 8.Bc4 Qc6
9.O-O Nbd7 10.Qe2 a6 11.Nb3 b5 12.Bd3 Bb7 13.Na5 Qc7 14.Nxb7 Qxb7 15.b4 Bb6
16.a4 bxa4 17.Rxa4 a5 18.bxa5 Rxa5 19.Rxa5 Bxa5 20.Ba3 Qb3 21.Ra1 Bxc3 22.Bc4 Qb6
23.Rd1 Qa5 24.Qa2 Bb4 25.Bxb4 Qxb4 26.Bxe6 fxe6 27.Qxe6+ Qe7 28.Qa2 Kf8 29.Re1 Qb4
30.Rc1 g6 31.Ng5 Kg7 32.Ne6+ Kh6 33.Qe2 g5 34.h4 Qxh4 35.Rc4 Qh5 36.Qd2 Re8
37.Rc6 Qg4 38.f3 Qf5 39.Rc5 Nxc5  0-1

[Event "14th Miquel Mas Open"]
[Site "Figueres ESP"]
[Date "2013.08.15"]
[Round "5.1"]
[White "Antoli Royo,J"]
[Black "Forcen Esteban,D"]
[Result "1/2-1/2"]
[WhiteElo "2409"]
[BlackElo "2503"]

1.e4 e6 2.d4 d5 3.Nd2 Be7 4.Ngf3 Nf6 5.Bd3 c5 6.dxc5 dxe4 7.Nxe4 Nxe4 8.Bxe4 Qxd1+
9.Kxd1 Bxc5 10.Ke2 Nc6 11.Bxc6+  1/2-1/2

[Event "Stare Mesto Open 2013"]
[Site "Stare Mesto CZE"]
[Date "2013.08.15"]
[Round "8.1"]
[White "Plat,V"]
[Black "Kanovsky,D"]
[Result "1/2-1/2"]
[WhiteElo "2470"]
[BlackElo "2391"]

1.e4 e6 2.d4 d5 3.Nd2 Be7 4.Ngf3 Nf6 5.Bd3 c5 6.exd5 Qxd5 7.Bc4 Qh5 8.O-O cxd4
9.Nb3 O-O 10.Be2 e5 11.Nfxd4 Qg6 12.Nf3 Rd8 13.Qe1 Nc6 14.c3 Nd5 15.Kh1 Bf6
16.Nc5 e4 17.Nd2 Nf4 18.Rg1 Nd3 19.Bxd3 exd3 20.Nde4 Be7 21.Nb3 Bf5 22.Ng3 Be6
23.Be3 Bd5 24.Nd4 Nxd4 25.Bxd4 Bd6 26.Qd2 h5 27.f3 Bxg3 28.hxg3 Qxg3 29.Rge1 Re8
30.b3 Bc6 31.Rad1 a6 32.Bf2 Qg6 33.Qxd3 Qxd3  1/2-1/2

[Event "XXIV Jozefa Kochana Mem"]
[Site "Koszalin POL"]
[Date "2013.08.16"]
[Round "8.20"]
[White "Lanica,Lukasz"]
[Black "Los,Kazimierz"]
[Result "1-0"]
[WhiteElo "1691"]
[BlackElo "1388"]

1.e4 e6 2.d4 d5 3.Nd2 Be7 4.Ngf3 c5 5.exd5 Qxd5 6.Bc4 Qd8 7.O-O Nf6 8.Nb3 cxd4
9.Nbxd4 O-O 10.Bg5 Nbd7 11.Re1 Nb6 12.Bb3 h6 13.Bh4 Qc7 14.Bg3 Qd8 15.c3 a6
16.Ne5 Bd6 17.Qd3 Bxe5 18.Bxe5 Nbd7 19.Bc2 Nc5 20.Qg3 Ncd7 21.Bc7 Nh5 22.Qd3  1-0